Espressione e identità : gioco, ruoli, teatralità /

Gespeichert in:
Bibliographische Detailangaben
1. Verfasser: Goffman, Erving (Verfasst von)
Format: Buch
Sprache:Italienisch
Veröffentlicht: Bologna : Il mulino, °2003!
Schriftenreihe:Intersezioni ; 240
Schlagworte:
Tags: Tag hinzufügen
Keine Tags, Fügen Sie das erste Tag hinzu!

MARC

LEADER 00000nam a2200000 i 4500
001 IT\ICCU\UBO\2114715
003 ItRI
005 20260115231900.0
008 030214s2003 it |||||| ||||| |||||c
015 |2 IT  |a 2004-3576 
020 |a 8815090797 
020 |a 9788815090799 (rist.) 
040 |b ita  |c importazione bologna sebina 
041 7 |a ita  |2 ISO-639-2 
082 |a 302  |9 INTERAZIONE SOCIALE  |2 20 
082 |a 302  |9 INTERAZIONE SOCIALE  |2 21 
100 1 |a Goffman, Erving  |0 IT\ICCU\CFIV\000478  |4 aut 
240 1 0 |a Encounters  |3 IT\ICCU\SBL\0334085  |9 Goffman, Erving 
245 1 0 |a Espressione e identità :  |b gioco, ruoli, teatralità /  |c Erving Goffman. 
260 |a Bologna :  |b Il mulino,  |c  °2003! 
300 |a 174 p. ;  |c 21 cm 
500 |a Trad. di Paolo Maranini. 
650 7 |a Interazione sociale 
830 0 |a Intersezioni ;  |v 240  |0 IT\ICCU\CFI\0000400 
942 |2 ddc  |c BK  |n 0 
952 |0 0  |1 0  |4 0  |6 DOC_302_150000000000000_GOF  |7 0  |9 15241  |a BO  |b BO  |d 2026-01-15  |i 11169  |l 0  |o DOC 302.15 GOF  |p BO11169  |r 2026-01-15 23:19:00  |w 2026-01-15  |x [Sebina 5] [1 v.]  |y BK  |z 1 v. 
999 |c 13117  |d 13117